Normal view
MARC view
Entry Personal Name
001 - CONTROL NUMBER
- control field: 487548
003 - CONTROL NUMBER IDENTIFIER
- control field:
005 - DATE AND TIME OF LATEST TRANSACTION
- control field: 20210602140341.0
008 - FIXED-LENGTH DATA ELEMENTS
- fixed length control field: 210602|| aca||aabn | a|a d
040 ## - CATALOGING SOURCE
- Original cataloging agency:
- Transcribing agency:
100 ## - HEADING--PERSONAL NAME
- Personal name: Maugham, W. Somerset
- Fuller form of name: (William Somerset),
- Dates associated with a name: 1874-1965
- General subdivision: Characters
670 ## - SOURCE DATA FOUND
- Source citation: Work cat.: (): Adhikari, M. 487547, W. S. Maugham and his fictional characters /, 1992
